[Event "Leruitte 2011"]
[Site "CRELEL"]
[Date "2011.05.06"]
[Round "2"]
[White "Morgenthal, Renaud"]
[Black "Pitz, Luc"]
[Result "1/2-1/2"]
[WhiteElo "1468"]
[BlackElo "1444"]
[PlyCount "122"]
[EventDate "2011.??.??"]

1. e4 e5 2. Nf3 Nc6 3. d4 exd4 4. Bc4 h6 5. Nxd4 Nf6 6. Nxc6 bxc6 7. O-O d6 8.
e5 Ne4 9. Bxf7+ Kxf7 10. Qf3+ Nf6 11. exf6 Bd7 12. fxg7+ Kxg7 13. Bd2 Rh7 14.
Bc3+ Kg8 15. Qg3+ Bg7 16. Nd2 Qg5 17. Qxg5 hxg5 18. Bxg7 Kxg7 19. Rfe1 Kg6 20.
Re3 Rah8 21. h3 Rb8 22. b3 Rb5 23. c4 Rf5 24. Rae1 Rhf7 25. Rf3 Rxf3 26. Nxf3
g4 27. hxg4 Bxg4 28. Nd4 Bd7 29. g3 c5 30. Nc2 Rh7 31. Kg2 Bh3+ 32. Kf3 Rf7+
33. Ke3 Kg5 34. f3 Bf5 35. Kd2 Bxc2 36. Kxc2 Rxf3 37. Re7 Rxg3 38. Rxc7 Rg2+
39. Kb1 Kf5 40. Rxa7 Ke5 41. a4 Kd4 42. Re7 Kc3 43. Re3+ Kb4 44. Rd3 Ka3 45.
Kc1 Kb4 46. Kd1 Ka3 47. Ke1 Kb4 48. Rd2 Rg1+ 49. Kf2 Rg6 50. Rd3 Re6 51. Kf3
Ka5 52. Kf4 Kb4 53. Kf5 Re8 54. Kf4 Ka3 55. Re3 Rd8 56. Kf5 d5 57. cxd5 Rxd5+
58. Re5 Rd3 59. Rxc5 Kxb3 60. a5 Kb4 61. Re5 Ra3 1/2-1/2

[Event "Leruitte 2011"]
[Site "CRELEL"]
[Date "2011.06.03"]
[Round "5"]
[White "Costa, Serge"]
[Black "Poljakovic, Sejfudin"]
[Result "1-0"]
[WhiteElo "1985"]
[BlackElo "1979"]
[PlyCount "39"]
[EventDate "2011.??.??"]

1. d4 e6 2. Nf3 d5 3. Bf4 c5 4. e3 Nc6 5. c3 cxd4 6. exd4 Bd6 7. Bg3 Bxg3 8.
hxg3 Nf6 9. Bd3 Qb6 10. Qb3 Na5 11. Qxb6 axb6 12. Nbd2 Bd7 13. Ne5 Nc6 14. Ndf3
Nxe5 15. Nxe5 Ke7 16. g4 Ra7 17. g5 Ne4 18. Bxe4 dxe4 19. g6 h6 20. gxf7 1-0

[Event "Leruitte 2011"]
[Site "CRELEL"]
[Date "2011.06.17"]
[Round "7"]
[White "Vandevoort, Pascal"]
[Black "Poljakovic, Sejfudin"]
[Result "1-0"]
[WhiteElo "2414"]
[BlackElo "1979"]
[PlyCount "71"]
[EventDate "2011.??.??"]

1. e4 c6 2. Nc3 d5 3. Nf3 dxe4 4. Nxe4 Nf6 5. Nxf6+ exf6 6. g3 Bg4 7. Bg2 Qe7+
8. Qe2 Qxe2+ 9. Kxe2 Nd7 10. h3 Bxf3+ 11. Bxf3 Ne5 12. Bg2 Bd6 13. d4 Ng6 14.
Rd1 O-O 15. Kf1 Rac8 16. h4 Rfd8 17. b3 Ne7 18. c4 Bb4 19. Bb2 Kf8 20. Rd3 b6
21. Rad1 Bd6 22. h5 h6 23. c5 Bc7 24. Ba3 b5 25. d5 cxd5 26. Bxd5 Rxd5 27. Rxd5
Nxd5 28. Rxd5 Ke8 29. Ke2 a5 30. Kd3 b4 31. Bc1 Ke7 32. Kc4 Ke6 33. Rd1 Be5 34.
Be3 Rb8 35. c6 Bd6 36. Rxd6+ 1-0

[Event "Leruitte 2011"]
[Site "CRELEL"]
[Date "2011.04.29"]
[Round "1"]
[White "Costa, Serge"]
[Black "Remont, Leopold"]
[Result "1-0"]
[WhiteElo "1985"]
[BlackElo "2006"]
[PlyCount "81"]
[EventDate "2011.??.??"]

1. d4 Nf6 2. c4 c6 3. Nc3 d5 4. e3 Bf5 5. Nf3 e6 6. a3 Be7 7. Be2 Nbd7 8. O-O
dxc4 9. Bxc4 O-O 10. b4 Ne4 11. Nxe4 Bxe4 12. Nd2 Bg6 13. Nb3 Nb6 14. Bd3 Bxd3
15. Qxd3 Qd5 16. e4 Qc4 17. Qg3 Rfc8 18. Bh6 Bf8 19. Rac1 Qe2 20. Rc5 Qxe4 21.
Bxg7 Bxg7 22. Rg5 Kh8 23. Rxg7 Rg8 24. Rxg8+ Rxg8 25. Qe5+ Qxe5 26. dxe5 Rd8
27. Nc5 Rd5 28. f4 Nc4 29. Nxb7 Nxa3 30. Nd6 Kg8 31. Nc8 Rd2 32. Nxa7 Nc2 33.
Nxc6 Ne3 34. Rb1 Rxg2+ 35. Kh1 Rc2 36. b5 Ng4 37. b6 Nf2+ 38. Kg1 Nh3+ 39. Kf1
Rf2+ 40. Ke1 Rxh2 41. Rb4 1-0

[Event "Leruitte 2011"]
[Site "CRELEL"]
[Date "2011.05.27"]
[Round "4"]
[White "Iafelice, Luigi"]
[Black "Remont, Leopold"]
[Result "0-1"]
[WhiteElo "1800"]
[BlackElo "2006"]
[PlyCount "68"]
[EventDate "2011.??.??"]

1. e4 e5 2. Nf3 Nc6 3. Bc4 Nf6 4. d4 exd4 5. e5 d5 6. Bb5 Ne4 7. Nxd4 Bd7 8.
Bxc6 bxc6 9. O-O Bc5 10. Be3 Bb6 11. Nd2 Nxd2 12. Qxd2 O-O 13. c3 Re8 14. f4
Qe7 15. Rae1 c5 16. Nf3 Bf5 17. Rf2 Rad8 18. Qd1 d4 19. cxd4 cxd4 20. Bd2 c5
21. Ng5 Bd3 22. Kh1 Qb7 23. Rf3 c4 24. f5 h6 25. Nh3 Qd5 26. Nf4 Qb5 27. Nxd3
cxd3 28. Bxh6 Rxe5 29. Ref1 f6 30. Bxg7 Re3 31. Bxf6 Rde8 32. Rg3+ Kf8 33. Bh4
d2 34. Qxd2 Qxf1# 0-1

[Event "Leruitte 2011"]
[Site "CRELEL"]
[Date "2011.05.06"]
[Round "2"]
[White "Lecoq, Eric"]
[Black "Remont, Leopold"]
[Result "1/2-1/2"]
[WhiteElo "1844"]
[BlackElo "2006"]
[PlyCount "104"]
[EventDate "2011.??.??"]

1. e4 e5 2. Nf3 Nc6 3. d4 exd4 4. Nxd4 Bc5 5. Nb3 Bb6 6. Nc3 a6 7. a4 d6 8. Qe2
Be6 9. Nd5 Ba7 10. Bd2 Nge7 11. O-O-O O-O 12. Bg5 f6 13. Be3 Bxe3+ 14. Qxe3 Bf7
15. f4 Nxd5 16. exd5 Re8 17. Qf3 Ne7 18. g3 Qd7 19. Bg2 Qxa4 20. Rd4 Qd7 21.
Rhd1 a5 22. Kb1 Qb5 23. Qc3 Nf5 24. Re4 Rxe4 25. Bxe4 Bg6 26. Bxf5 Bxf5 27. Nd4
Qd7 28. Re1 Bg6 29. Qf3 Qa4 30. Qc3 Qd7 31. Qf3 Re8 32. Ne6 c6 33. f5 Bf7 34.
Qg4 Bxe6 35. dxe6 Qc7 36. Qf4 Re7 37. Rd1 d5 38. Qxc7 Rxc7 39. c4 Kf8 40. cxd5
cxd5 41. Rxd5 b6 42. Rd8+ Ke7 43. Rh8 h6 44. Rg8 Kd6 45. Rf8 b5 46. Ka2 Rc5 47.
g4 h5 48. h3 hxg4 49. hxg4 Rc4 50. Rd8+ Ke7 51. Rd7+ Kf8 52. Rf7+ Kg8 1/2-1/2

[Event "Leruitte 2011"]
[Site "CRELEL"]
[Date "2011.06.10"]
[Round "6"]
[White "Becker, Joseph"]
[Black "Renard, Alain"]
[Result "0-1"]
[WhiteElo "1496"]
[BlackElo "1560"]
[PlyCount "58"]
[EventDate "2011.??.??"]

1. d4 f5 2. Bg5 h6 3. Bf4 Nf6 4. e3 e6 5. Be2 Be7 6. Bh5+ Kf8 7. Nd2 d6 8. Qf3
g5 9. g4 gxf4 10. Qxf4 Nxh5 11. gxh5 Bg5 12. Qf3 d5 13. Nh3 Bd7 14. O-O-O Be8
15. Kb1 Nc6 16. Nb3 b6 17. Rhg1 Bf7 18. Rg2 Qe8 19. Nxg5 hxg5 20. Rdg1 Bxh5 21.
Qh3 g4 22. Qg3 Qe7 23. Qf4 Ke8 24. h3 Kd7 25. hxg4 fxg4 26. f3 Raf8 27. Qh2
Rxf3 28. Rxg4 Rh7 29. Rh4 Qf7 0-1

[Event "Leruitte 2011"]
[Site "CRELEL"]
[Date "2011.05.13"]
[Round "3"]
[White "Monticelli, Romain"]
[Black "Renard, Alain"]
[Result "1-0"]
[WhiteElo "1606"]
[BlackElo "1560"]
[PlyCount "65"]
[EventDate "2011.??.??"]

1. d4 f5 2. c4 Nf6 3. Bf4 e6 4. Nc3 Be7 5. Nf3 O-O 6. e3 d6 7. Be2 Nbd7 8. h3
Ne4 9. Qc2 Ndf6 10. Bd3 Nxc3 11. bxc3 Qe8 12. g4 g6 13. gxf5 exf5 14. Bh6 Rf7
15. Ng5 Rf8 16. Bxf8 Bxf8 17. c5 d5 18. c4 c6 19. Qb3 Bg7 20. h4 h6 21. Nh3 Ne4
22. cxd5 Nxc5 23. dxc5 Bxa1 24. dxc6+ Be6 25. Bc4 Bxc4 26. Qxc4+ Kg7 27. cxb7
Rb8 28. c6 Be5 29. c7 Rxb7 30. c8=Q Qxc8 31. Qxc8 Rb1+ 32. Ke2 Rxh1 33. Qb7+
1-0

[Event "Leruitte 2011"]
[Site "CRELEL"]
[Date "2011.05.27"]
[Round "4"]
[White "Sferruggia, Serge"]
[Black "Renard, Alain"]
[Result "*"]
[WhiteElo "1487"]
[BlackElo "1560"]
[PlyCount "60"]
[EventDate "2011.??.??"]

1. e4 e6 2. d4 d5 3. exd5 exd5 4. Nf3 Nf6 5. Nc3 Nc6 6. Bb5 Bb4 7. O-O O-O 8.
Bxc6 bxc6 9. Bd2 Bg4 10. Re1 Qd6 11. Re3 Rfe8 12. h3 Bh5 13. g4 Rxe3 14. Bxe3
Nxg4 15. Ne5 Nf6 16. f3 Ne4 17. Nxe4 dxe4 18. Qf1 exf3 19. Nxf3 Qd5 20. Ne5 f6
21. Qf5 Bg6 22. c4 Bxf5 23. cxd5 fxe5 24. dxe5 cxd5 25. h4 Be7 26. Rc1 c5 27.
Bxc5 Rc8 28. Be3 Rxc1+ 29. Bxc1 Bc5+ 30. Kg2 Bd4 *

[Event "Leruitte 2011"]
[Site "CRELEL"]
[Date "2011.04.29"]
[Round "1"]
[White "Becker, Joseph"]
[Black "Sferruggia, Serge"]
[Result "0-1"]
[WhiteElo "1496"]
[BlackElo "1487"]
[PlyCount "112"]
[EventDate "2011.??.??"]

1. d4 Nf6 2. Bg5 e6 3. e3 Be7 4. Bd3 O-O 5. Nd2 Nc6 6. c3 b6 7. Qc2 g6 8. f3
Nd5 9. Bxe7 Qxe7 10. Nf1 a5 11. g3 Ba6 12. e4 Bxd3 13. Qxd3 Nf6 14. Ne3 Rab8
15. h4 b5 16. g4 h5 17. Ne2 hxg4 18. fxg4 Kg7 19. Ng3 Rh8 20. g5 Nh5 21. Nxh5+
Rxh5 22. Ng4 Rbh8 23. Nf6 Rxh4 24. Rxh4 Rxh4 25. O-O-O b4 26. c4 e5 27. Qg3 Rh8
28. Nd5 Qe6 29. dxe5 Nxe5 30. b3 Rh3 31. Qg2 Rd3 32. Rxd3 Nxd3+ 33. Kd2 Nc5 34.
Ke3 Qe5 35. Nf6 Qc3+ 36. Kf4 Nd3+ 37. Kg4 Qe5 38. Qf3 Qe6+ 39. Kh4 Ne5 40. Qf4
d6 41. Nd5 c6 42. Nf6 Nd7 43. Qxd6 Nxf6 44. gxf6+ Qxf6+ 45. Qxf6+ Kxf6 46. Kg4
g5 47. Kf3 Ke5 48. Kg4 f6 49. Kf3 g4+ 50. Kxg4 Kxe4 51. Kg3 f5 52. Kf2 f4 53.
Ke2 c5 54. Ke1 Ke3 55. Kf1 Kf3 56. Ke1 Kg2 0-1

[Event "Leruitte 2011"]
[Site "CRELEL"]
[Date "2011.06.17"]
[Round "7"]
[White "Champt, Victor"]
[Black "Sferruggia, Serge"]
[Result "0-1"]
[WhiteElo "1616"]
[BlackElo "1487"]
[PlyCount "116"]
[EventDate "2011.??.??"]

1. e4 e5 2. Nf3 Nc6 3. Bb5 Nf6 4. O-O Bc5 5. c3 O-O 6. d4 exd4 7. cxd4 Bb6 8.
Nc3 d6 9. h3 h6 10. a3 Re8 11. Re1 Bd7 12. e5 dxe5 13. dxe5 Nh7 14. Bf4 Re6 15.
Bc4 Rg6 16. Bd3 Re6 17. Nd5 Nf8 18. Bf5 Re8 19. Bxd7 Nxd7 20. Nxb6 Nxb6 21. Rc1
Qd5 22. Qxd5 Nxd5 23. Bg3 Rad8 24. Rc5 Nde7 25. Bh4 g5 26. Bg3 Rd5 27. Rc3 Nf5
28. Bh2 Nfd4 29. Nxd4 Rxd4 30. Kf1 Rd2 31. b4 Rb2 32. g4 Kg7 33. Kg2 Re7 34.
Rce3 Nd4 35. Rd3 Ne6 36. Red1 c5 37. bxc5 Nxc5 38. Re3 b5 39. Rc1 Nb3 40. Rcc3
Nd4 41. Re4 Ne6 42. Kf3 Rd7 43. Kg2 Rdd2 44. Rf3 Nd4 45. Rf6 Ra2 46. Re3 Nc2
47. Rb3 Nxa3 48. Rff3 Nc2 49. e6 Ne1+ 50. Kg3 Nxf3 51. Rxf3 fxe6 52. Kg2 a5 53.
Bg3 b4 54. Rb3 Ra3 55. Rxa3 bxa3 56. Be5+ Kf7 57. Kf3 a2 58. Ke3 Rd1 0-1

[Event "Leruitte 2011"]
[Site "CRELEL"]
[Date "2011.06.03"]
[Round "5"]
[White "Terfve, Robert"]
[Black "Sferruggia, Serge"]
[Result "0-1"]
[WhiteElo "1492"]
[BlackElo "1487"]
[PlyCount "38"]
[EventDate "2011.??.??"]

1. d4 Nf6 2. c4 e6 3. a3 Be7 4. Nc3 O-O 5. e4 d5 6. e5 Ne8 7. Qg4 Nc6 8. Nf3
Na5 9. Bh6 Nxc4 10. Bc1 c5 11. Bd3 Qb6 12. Ng5 Bxg5 13. Bxg5 Qxb2 14. Qh3 Qxa1+
15. Ke2 Qb2+ 16. Kf3 f5 17. exf6 Nxf6 18. Bxf6 Rxf6+ 19. Kg3 Qxf2+ 0-1

[Event "Leruitte 2011"]
[Site "CRELEL"]
[Date "2011.05.13"]
[Round "3"]
[White "Wilket, Andre"]
[Black "Sferruggia, Serge"]
[Result "1/2-1/2"]
[WhiteElo "1500"]
[BlackElo "1487"]
[PlyCount "117"]
[EventDate "2011.??.??"]

1. d4 Nf6 2. c4 e6 3. Nf3 d5 4. cxd5 exd5 5. e3 Bb4+ 6. Bd2 Qe7 7. a3 Bxd2+ 8.
Nbxd2 Bf5 9. Be2 O-O 10. O-O Nbd7 11. Rc1 c5 12. dxc5 Nxc5 13. b4 Nd3 14. Rc3
Ne5 15. Nd4 Bg6 16. Qc1 Ne8 17. Nb5 Nc6 18. Bf3 Qe5 19. Rc5 Nf6 20. Nc4 Qg5 21.
Nc7 Rad8 22. Rd1 Ne7 23. Nb2 Ne4 24. Rb5 b6 25. Bxe4 Bxe4 26. g3 Bf3 27. Rd4
Nf5 28. Rf4 Qh5 29. Qf1 Be2 30. Qg2 Bxb5 31. Nxb5 Rc8 32. Nd3 Qd1+ 33. Qf1
Qxf1+ 34. Kxf1 Ne7 35. Ne5 f6 36. Nf3 a6 37. Nd6 Rc3 38. b5 Rxa3 39. bxa6 Rxa6
40. Rb4 Rd8 41. Nb5 Rc8 42. Rb2 Rc1+ 43. Kg2 Raa1 44. Nfd4 Rg1+ 45. Kf3 h5 46.
h4 g5 47. hxg5 fxg5 48. Ne6 Rgb1 49. Rxb1 Rxb1 50. Nbd4 b5 51. Nxg5 b4 52. Kf4
Rh1 53. Ke5 h4 54. gxh4 Rxh4 55. Kd6 Rg4 56. f4 Ng6 57. Kxd5 Nxf4+ 58. exf4
Rxf4 59. Kc4 1/2-1/2

[Event "Leruitte 2011"]
[Site "CRELEL"]
[Date "2011.04.29"]
[Round "1"]
[White "Alessi, David"]
[Black "Stefani, Philippe"]
[Result "1/2-1/2"]
[WhiteElo "1724"]
[BlackElo "1641"]
[PlyCount "44"]
[EventDate "2011.??.??"]

1. e4 c5 2. b3 d6 3. Nf3 Nf6 4. Nc3 Nbd7 5. Bb2 a6 6. a4 e6 7. d4 cxd4 8. Nxd4
Qa5 9. Qd2 Be7 10. Be2 d5 11. exd5 Nxd5 12. Bf3 N7f6 13. Nxd5 Qxd2+ 14. Kxd2
Nxd5 15. Bxd5 exd5 16. Rhe1 Kd8 17. Nf3 Be6 18. Nd4 Kd7 19. f4 Bf6 20. Re3 Rhe8
21. Rae1 Bxd4 22. Bxd4 g6 1/2-1/2

[Event "Leruitte 2011"]
[Site "CRELEL"]
[Date "2011.06.10"]
[Round "6"]
[White "Nottet, Tristan"]
[Black "Stefani, Philippe"]
[Result "1/2-1/2"]
[WhiteElo "1625"]
[BlackElo "1641"]
[PlyCount "28"]
[EventDate "2011.??.??"]

1. e4 c5 2. c3 Qa5 3. Nf3 Nc6 4. Be2 e6 5. O-O Nf6 6. e5 Nd5 7. d4 cxd4 8. cxd4
Be7 9. a3 O-O 10. Bd2 Qb6 11. Bc3 d6 12. Nbd2 dxe5 13. Nc4 Qc7 14. Ncxe5 Nxe5
1/2-1/2

[Event "Leruitte 2011"]
[Site "CRELEL"]
[Date "2011.06.03"]
[Round "5"]
[White "Szigetvari, Andre"]
[Black "Stefani, Philippe"]
[Result "0-1"]
[WhiteElo "1782"]
[BlackElo "1641"]
[PlyCount "84"]
[EventDate "2011.??.??"]

1. e4 c5 2. Nf3 e6 3. d4 cxd4 4. Nxd4 Nf6 5. f3 Nxe4 6. fxe4 Qh4+ 7. Ke2 Qxe4+
8. Be3 Nc6 9. Nxc6 bxc6 10. Qd3 Qb4 11. Qd4 Qa5 12. Nd2 e5 13. Qc3 Bb4 14. Qb3
d5 15. c3 Bd6 16. Nf3 Rb8 17. Qc2 Bg4 18. b4 Qc7 19. Kf2 O-O 20. Be2 e4 21. Nd4
Bxe2 22. Qxe2 f5 23. Ne6 Qf7 24. Nxf8 Rxf8 25. Ke1 f4 26. Bd4 f3 27. gxf3 exf3
28. Qf2 Re8+ 29. Be3 Bf4 30. Kd2 Bxe3+ 31. Qxe3 Rxe3 32. Kxe3 g5 33. h3 Qf4+
34. Kf2 Qd2+ 35. Kxf3 Qxc3+ 36. Kg4 Qxb4+ 37. Kxg5 d4 38. Rhf1 Qe7+ 39. Kf5 c5
40. Rae1 Qd7+ 41. Kf6 Qd6+ 42. Re6 Qf8+ 0-1

[Event "Leruitte 2011"]
[Site "CRELEL"]
[Date "2011.04.29"]
[Round "1"]
[White "Aydogdu, Hakan"]
[Black "Szigetvari, Andre"]
[Result "1-0"]
[WhiteElo "1681"]
[BlackElo "1782"]
[PlyCount "60"]
[EventDate "2011.??.??"]

1. c4 f5 2. Nc3 Nf6 3. g3 e6 4. Bg2 c6 5. e3 d5 6. cxd5 exd5 7. Nge2 Bd6 8. Qc2
O-O 9. O-O Qe8 10. a3 Be6 11. Nd4 Ne4 12. Nxe6 Qxe6 13. b4 Nxc3 14. Qxc3 Be5
15. d4 Bd6 16. Qb3 a6 17. Bd2 Nd7 18. a4 Nf6 19. Rfc1 Ne4 20. Be1 g5 21. b5
cxb5 22. axb5 f4 23. f3 Nf6 24. e4 Bb8 25. e5 Nd7 26. bxa6 bxa6 27. Ra5 Ba7 28.
Qxd5 Rfe8 29. Qxe6+ Rxe6 30. Bf2 Nxe5 1-0

[Event "Leruitte 2011"]
[Site "CRELEL"]
[Date "2011.05.13"]
[Round "3"]
[White "Barbier, Frederic"]
[Black "Szigetvari, Andre"]
[Result "1/2-1/2"]
[WhiteElo "1768"]
[BlackElo "1782"]
[PlyCount "68"]
[EventDate "2011.??.??"]

1. c4 c5 2. Nc3 b6 3. Nf3 Nf6 4. g3 Bb7 5. Bg2 e6 6. O-O Be7 7. d3 O-O 8. Bf4
Nh5 9. Be3 d6 10. a3 Qc7 11. Qc1 a6 12. Rb1 d5 13. cxd5 exd5 14. d4 Nd7 15. Qd2
Nhf6 16. Rbc1 c4 17. Ng5 b5 18. Bf4 Qd8 19. Rfe1 Nb6 20. Qc2 h6 21. Nh3 Re8 22.
f3 Qd7 23. Nf2 Bf8 24. Be5 Qd8 25. Rcd1 Nbd7 26. Bf4 g5 27. Bc1 Bg7 28. Kf1 Qb6
29. Qd2 a5 30. e4 dxe4 31. fxe4 b4 32. Nb1 Ba6 33. Kg1 Bb7 34. Qc2 Rac8 1/2-1/2

[Event "Leruitte 2011"]
[Site "CRELEL"]
[Date "2011.05.27"]
[Round "4"]
[White "Nottet, Tristan"]
[Black "Szigetvari, Andre"]
[Result "1-0"]
[WhiteElo "1625"]
[BlackElo "1782"]
[PlyCount "51"]
[EventDate "2011.??.??"]

1. e4 c5 2. c3 Nf6 3. e5 Nd5 4. d4 cxd4 5. Nf3 d6 6. cxd4 Nc6 7. Be2 dxe5 8.
Nxe5 Nxe5 9. dxe5 e6 10. O-O Be7 11. Qb3 O-O 12. Nc3 Nxc3 13. Qxc3 Bd7 14. Qg3
Kh8 15. Rd1 Qe8 16. Rd4 Bc6 17. Rg4 Rg8 18. Bd3 g6 19. Bh6 Rd8 20. Be4 Bxe4 21.
Rxe4 Rd5 22. Rc1 Qd7 23. h3 Rd3 24. Qf4 Bd8 25. h4 Rd2 26. Qxd2 1-0

[Event "Leruitte 2011"]
[Site "CRELEL"]
[Date "2011.06.10"]
[Round "6"]
[White "Joassin, Stephane"]
[Black "Szigetvari, Andre"]
[Result "0-1"]
[WhiteElo "1782"]
[BlackElo "1747"]
[PlyCount "74"]
[EventDate "2011.??.??"]

1. e4 c5 2. Nf3 d6 3. d4 cxd4 4. Nxd4 Nf6 5. Nc3 a6 6. Be2 e5 7. Nb3 Be7 8. O-O
O-O 9. Be3 b5 10. f3 Be6 11. a3 Nbd7 12. Qe1 Rc8 13. Rd1 Qc7 14. Qf2 Rfd8 15.
Nc1 Qb7 16. Rd2 d5 17. exd5 Nxd5 18. Nxd5 Bxd5 19. c3 Be6 20. Rfd1 f6 21. Bd3
g6 22. Qg3 Kg7 23. Qh4 Bc5 24. Qh6+ Kg8 25. Bxc5 Nxc5 26. Bc2 Rxd2 27. Qxd2 Rc7
28. Qd6 Kg7 29. b4 Rc6 30. Qd2 Nd7 31. Be4 Qa7+ 32. Kh1 Rc7 33. Qd6 Kf7 34. Bd5
Bxd5 35. Qxd5+ Kg7 36. Qd6 Nb6 37. Ne2 Rd7 0-1

[Event "Leruitte 2011"]
[Site "CRELEL"]
[Date "2011.05.06"]
[Round "2"]
[White "Laouar, Hassen"]
[Black "Thirion, Christian"]
[Result "1-0"]
[WhiteElo "1481"]
[BlackElo "1300"]
[PlyCount "51"]
[EventDate "2011.??.??"]

1. e4 d5 2. exd5 Nf6 3. Nc3 e6 4. dxe6 Bxe6 5. d3 Bb4 6. Bd2 Qe7 7. a3 Bc5 8.
Be2 O-O 9. Nf3 Nc6 10. b4 Nd4 11. bxc5 Qxc5 12. Nxd4 Qxd4 13. Nb5 Qc5 14. a4 a6
15. Be3 Qd5 16. Bf3 Qe5 17. Na3 h5 18. O-O g5 19. g3 g4 20. Bg2 Nd5 21. Qe1 f5
22. Rb1 h4 23. Nc4 Qc3 24. Bd2 Qxc2 25. Qxe6+ Kh8 26. Bxd5 1-0

[Event "Leruitte 2011"]
[Site "CRELEL"]
[Date "2011.05.27"]
[Round "4"]
[White "Pitz, Luc"]
[Black "Thirion, Christian"]
[Result "1-0"]
[WhiteElo "1444"]
[BlackElo "1300"]
[PlyCount "91"]
[EventDate "2011.??.??"]

1. e4 d5 2. exd5 Nf6 3. Bc4 Nxd5 4. Qf3 Be6 5. Nc3 c6 6. a3 g6 7. Nge2 Bg7 8.
Nf4 Nxf4 9. Qxf4 Bxc4 10. Qxc4 O-O 11. d3 e6 12. Ne4 Nd7 13. Bg5 Qc7 14. d4 b5
15. Qd3 f5 16. Nd2 Nf6 17. Bxf6 Bxf6 18. O-O-O Rad8 19. c3 e5 20. Nb3 exd4 21.
cxd4 a5 22. a4 bxa4 23. Qc4+ Rf7 24. Qxa4 Rfd7 25. Kb1 c5 26. Qc4+ Kg7 27. Qxc5
Qxc5 28. Nxc5 Re7 29. d5 Rb8 30. Rd2 Kf7 31. Rhd1 Rb5 32. d6 Ra7 33. Rc2 a4 34.
Ka2 Ra8 35. d7 Bd8 36. Rd4 a3 37. b3 Bb6 38. Rdc4 Ke7 39. Re2+ Kd6 40. Rd2+ Ke7
41. b4 Bxc5 42. Rxc5 Rxb4 43. Re5+ Kf6 44. Re8 Rb2+ 45. Rxb2 axb2+ 46. Rxa8 1-0

[Event "Leruitte 2011"]
[Site "CRELEL"]
[Date "2011.04.29"]
[Round "1"]
[White "Ancion, Merowig"]
[Black "Vandevoort, Pascal"]
[Result "0-1"]
[WhiteElo "1808"]
[BlackElo "2414"]
[PlyCount "80"]
[EventDate "2011.??.??"]

1. d4 Nf6 2. Nf3 c5 3. e3 g6 4. b3 Bg7 5. Bb2 O-O 6. Be2 b6 7. O-O Bb7 8. c4
cxd4 9. exd4 d5 10. Nbd2 Nc6 11. Ne5 Rc8 12. Ndf3 e6 13. Nxc6 Bxc6 14. Ne5 Bb7
15. Qd2 Ne4 16. Qe3 Nd6 17. cxd5 Bxd5 18. Bd3 Qh4 19. f4 Nf5 20. Qf2 Qxf2+ 21.
Kxf2 Rfd8 22. Rac1 h5 23. Ba6 Rxc1 24. Rxc1 Bh6 25. g3 g5 26. Rc7 gxf4 27. Nxf7
fxg3+ 28. hxg3 Be3+ 29. Ke2 Rf8 30. Ne5 Bg1 31. Bd3 Nxg3+ 32. Ke1 Ne4 33. Rxa7
Bf2+ 34. Kd1 Bg3 35. Bc1 Nf2+ 36. Kc2 Rc8+ 37. Kd2 Nxd3 38. Nxd3 h4 39. Kd1
Bf3+ 40. Kd2 h3 0-1

[Event "Leruitte 2011"]
[Site "CRELEL"]
[Date "2011.05.27"]
[Round "2"]
[White "Lecoq, Eric"]
[Black "Vandevoort, Pascal"]
[Result "0-1"]
[WhiteElo "1844"]
[BlackElo "2414"]
[PlyCount "56"]
[EventDate "2011.??.??"]

1. e4 c5 2. Nf3 d6 3. d4 cxd4 4. Nxd4 Nf6 5. Nc3 g6 6. Be3 Bg7 7. f3 Nc6 8. Qd2
O-O 9. Bc4 Bd7 10. O-O-O Rb8 11. Bb3 Na5 12. Kb1 b5 13. Bh6 Bxh6 14. Qxh6 e5
15. Nde2 Nxb3 16. cxb3 b4 17. Nd5 Nxd5 18. Rxd5 Be6 19. Rd3 Qe7 20. h4 d5 21.
h5 g5 22. Ng3 d4 23. Nf5 Bxf5 24. exf5 f6 25. Rc1 Rbc8 26. Rd2 e4 27. Rxd4
Rxc1+ 28. Kxc1 exf3 0-1

[Event "Leruitte 2011"]
[Site "CRELEL"]
[Date "2011.05.13"]
[Round "3"]
[White "Remont, Leopold"]
[Black "Vandevoort, Pascal"]
[Result "0-1"]
[WhiteElo "2006"]
[BlackElo "2414"]
[PlyCount "58"]
[EventDate "2011.??.??"]

1. e4 c5 2. Nf3 d6 3. d4 cxd4 4. Nxd4 Nf6 5. Nc3 g6 6. Be3 Bg7 7. Be2 Nc6 8.
O-O O-O 9. Kh1 Ng4 10. Bxg4 Bxg4 11. Qxg4 Nxd4 12. Qd1 Nc6 13. Ne2 Bxb2 14. Rb1
Bg7 15. Rxb7 Qc8 16. Rb5 Qa6 17. Qd5 Rac8 18. Rfb1 Qa4 19. Ng3 Qxc2 20. h4 Ne5
21. R1b2 Qc3 22. Qd1 Nc4 23. Re2 Nxe3 24. Rxe3 Qf6 25. h5 Bh6 26. Qg4 Bxe3 27.
fxe3 Rc5 28. Rxc5 dxc5 29. Nf5 e6 0-1

[Event "Leruitte 2011"]
[Site "CRELEL"]
[Date "2011.06.03"]
[Round "5"]
[White "Champt, Victor"]
[Black "Wilket, Andre"]
[Result "1-0"]
[WhiteElo "1616"]
[BlackElo "1500"]
[PlyCount "95"]
[EventDate "2011.??.??"]

1. e4 d5 2. exd5 Nf6 3. Bb5+ Bd7 4. Bc4 e6 5. dxe6 Qe7 6. Qe2 Bxe6 7. Bxe6 fxe6
8. Nf3 Nc6 9. d3 O-O-O 10. Nc3 h6 11. a3 e5 12. O-O Qc5 13. Ne4 Nxe4 14. dxe4
Nd4 15. Nxd4 exd4 16. Rd1 g5 17. b4 Qe5 18. Bb2 Bd6 19. g3 c5 20. f3 h5 21. Qc4
Rhf8 22. bxc5 Qxc5 23. Qxc5+ Bxc5 24. Kg2 g4 25. f4 Rfe8 26. e5 Re6 27. Kf1 Rb6
28. Rab1 Re6 29. Ke2 Kc7 30. Kd3 Kc6 31. Ke4 b5 32. Bxd4 Rd5 33. Bxc5 Rxc5 34.
Rb2 Rc3 35. Rd3 Rc5 36. Rd4 Rc4 37. Rxc4+ bxc4 38. Kd4 c3 39. Kxc3 Kc5 40. Kd3
a6 41. Rb4 Re7 42. Rd4 Re6 43. Rd6 Rxd6+ 44. exd6 Kxd6 45. Kd4 a5 46. c4 a4 47.
c5+ Kc6 48. f5 1-0

[Event "Leruitte 2011"]
[Site "CRELEL"]
[Date "2011.06.17"]
[Round "7"]
[White "Renard, Alain"]
[Black "Wilket, Andre"]
[Result "1-0"]
[WhiteElo "1560"]
[BlackElo "1500"]
[PlyCount "85"]
[EventDate "2011.??.??"]

1. e4 e5 2. Nf3 Nc6 3. Bc4 Bc5 4. b4 Bxb4 5. c3 Be7 6. d4 exd4 7. Qb3 dxc3 8.
Bxf7+ Kf8 9. Bh5 g6 10. Qxc3 Bb4 11. Ba3 Qe7 12. Bxb4 Qxb4 13. O-O Qxc3 14.
Nxc3 gxh5 15. Nd5 d6 16. Nxc7 Rb8 17. Rad1 Bg4 18. Rxd6 Bxf3 19. gxf3 Ke7 20.
Rfd1 Nf6 21. e5 Nxe5 22. Re6+ Kf7 23. Rxe5 Rbc8 24. Nd5 Rhe8 25. Rf5 Rc6 26.
Nxf6 Rxf6 27. Rxh5 Kg6 28. Rh3 Re7 29. Rg3+ Kf7 30. Rd4 Rg6 31. Kg2 b5 32. a4
a6 33. axb5 axb5 34. Rb4 Rb7 35. f4 Kf6 36. Kf3 Kf5 37. Rh3 Rgb6 38. Rh5+ Kg6
39. Rg5+ Kf6 40. h4 h6 41. Rh5 Kg6 42. Re5 h5 43. Ke4 1-0

[Event "Leruitte 2011"]
[Site "CRELEL"]
[Date "2011.05.13"]
[Round "3"]
[White "Ancion, Merowig"]
[Black "Wlogalski, Olivier"]
[Result "1-0"]
[WhiteElo "1808"]
[BlackElo "1979"]
[PlyCount "69"]
[EventDate "2011.??.??"]

1. e4 b6 2. d4 Bb7 3. Nc3 e6 4. Bd3 f5 5. exf5 Bxg2 6. Qh5+ g6 7. fxg6 Bg7 8.
Bg5 Nf6 9. Bxf6 Qxf6 10. Ne4 Qf4 11. gxh7+ Kf8 12. Ne2 Qf3 13. Qg5 Qxe4 14.
Bxe4 Bxe4 15. Rg1 Rxh7 16. Qf4+ Bf5 17. Ng3 Nc6 18. Nxf5 exf5 19. Qxf5+ Kg8 20.
Qxd7 Nb4 21. O-O-O Rf8 22. a3 Na6 23. Rde1 Kh8 24. Kb1 Bf6 25. Qb5 Nb8 26. Re8
Nd7 27. Rxf8+ Nxf8 28. Qe8 Be7 29. f4 Bd6 30. Rg6 Rg7 31. Rxd6 cxd6 32. Qxf8+
Kh7 33. f5 Rd7 34. f6 d5 35. f7 1-0